000 00607nam a2200229Ia 4500
003 OSt
005 20221006164517.0
006 a|||||r|||| 00| 0
007 ta
008 221006b |||||||| |||| 00| 0 eng d
024 _a2,093
037 _cTextual
040 _aFML
_cFML
_beng
041 _2eng
_aeng
082 _aNR49G, L9
100 _aPrajnanandaa Swami Au.
_9675840
245 0 _aMusic of The South Asia People
260 _aKolkata
_bRamkrishna Math
_c1979
300 _a387
_ccm.
942 _hNR49G, L9
_cTEXL
_2CC
999 _c1117502
_d1117502